=LDR 00000nam 2200000 4500 =001 INLIS000000000055221 =005 20200317013034 =035 ##$$a 0010-0320000328 =007 ta =008 200317###########################0#ind## =020 ##$$a 978-602-318-025-7 =082 ##$$a 658.15 =084 ##$$a 658.15 Abd m =245 1#$$a Manajemen keuangan bisnis : $b Konsep dan aplikasinya /$c Dr. Abdul Halim, S.E, M.M., Ak =250 ##$$a Pertama =300 ##$$a xii, 314 halaman : $b Ilustrasi ; $c 24 Cm =500 ##$$a Bibliografi : halaman 307-309, Indeks : halaman 311-314 =650 #4$$a Keuangan - Manajemen =264 ##$$a Jakarta :$b Mitra Wacana Media,$c 2015 =336 ##$$a Teks$2 rdacontent =337 ##$$a lain-lain$2 rdamedia =338 ##$$a lain-lain$2 rdacarrier =990 ##$$a 22102210 =990 ##$$a 22102210